000 00363nam a22001697a 4500
003 LK-CoDNM
005 20250219123606.0
008 250219b |||||||| |||| 00| 0 eng d
040 _aLK-CoDNM
_dLK-CoDNM
_eLK-CoDNM
041 _aeng
080 _aRC
_b270
100 _aUnknown
245 _a-
260 _a-
_b-
_c-
650 _arare book
942 _cBK
999 _c238224
_d238224